00548nam a22001817a 450000500170000001000130001702000260003003500130005603700160006908200060008510000100009124500700010126000410017127000900021230000220030249000200032450000220034420190218154512.0 aB-713079 a9789381626344c399.00 aB-713079 bPansy Books aN aAmish aThe secret of the Nagas :cby Amishbbook-2 of the Shiva Trilogy/ aChennaibWestland Publicationsc2018 a61, II Floor, Silverline Building, Alapakkam Main Road, Maduravoyal,bChennaie600095 a371p.c20cm.(pbk) aShiva trilogy 2 aIncludes glossary